How to master business English : improving your communication skills
| Main Author: | |
|---|---|
| Format: | Book |
| Published: |
United Kingdom :
Northcrte House ,
1991
|
| Series: | How to books
|
| Subjects: |
MARC
| LEADER | 00000cam a2200000 7i4500 | ||
|---|---|---|---|
| 001 | 0000004074 | ||
| 002 | 000004385 | ||
| 005 | 20000330.0 | ||
| 020 | |a 0746305826 | ||
| 090 | 0 | 0 | |a 808 |b BEN |
| 100 | 1 | |a Bennie, Michael | |
| 245 | 1 | 0 | |a How to master business English : |b improving your communication skills |c Michael Bennie |
| 260 | |a United Kingdom : |b Northcrte House , |c 1991 | ||
| 300 | |a 208p. ; |c 22cm. | ||
| 490 | 0 | |a How to books | |
| 650 | 0 | 0 | |a Business English |
| 999 | |a 033400 |b BUKU |c PINJAMAN |e PERPUSTAKAAN KOMUNITI PETALING JAYA | ||